Spell the Marvel Character #68 - Statistics

General Stats
  • This quiz has been taken 32 times
  • The average score is 9 of 10
Answer Stats
Picture Answer % Correct
Rocket Raccoon
100%
Ant-Man
96%
Elektra
96%
Iron Man
96%
Drax
92%
Luke Cage
92%
Lockjaw
84%
Forge
72%
Fredzilla
64%
Zabu
60%
No matching quizzes found
Score Distribution
Percent of People with Each Score
Percentile by Number Answered
Your Score History
You have not taken this quiz